Hambre de libertad : (Record no. 190772)
[ view plain ]
| 000 -LEADER | |
|---|---|
| campo de control de longitud fija | 01324nam a2200337 i 4500 |
| 001 - NÚMERO DE CONTROL | |
| campo de control | 190772 |
| 003 - IDENTIFICADOR DE NÚMERO DE CONTROL | |
| campo de control | ES-MaACL |
| 005 - FECHA Y HORA DE LA ÚLTIMA TRANSACCIÓN | |
| campo de control | 20240229063327.0 |
| 008 - DATOS DE LONGITUD FIJA--INFORMACIÓN GENERAL | |
| campo de control de longitud fija | 220704s2020 sp a 001 0aspa |
| 017 ## - NÚMERO DE COPYRIGHT O DE DEPÓSITO LEGAL | |
| Número de copyright o de depósito legal | MA 698-2020 |
| Agencia que asigna | Oficina Depósito Legal Málaga |
| 020 ## - NÚMERO INTERNACIONAL ESTÁNDAR DEL LIBRO | |
| Número Internacional Estándar del Libro | 9788417974817 |
| 040 ## - FUENTE DE CATALOGACIÓN | |
| Centro/agencia transcriptor | ES-MaACL |
| 080 ## - NÚMERO DE LA CLASIFICACIÓN DECIMAL UNIVERSAL | |
| Número de la Clasificación Decimal Universal | 929 Palencia, Isabel de |
| 080 ## - NÚMERO DE LA CLASIFICACIÓN DECIMAL UNIVERSAL | |
| Número de la Clasificación Decimal Universal | 821.111-94"19" |
| 100 1# - ENTRADA PRINCIPAL--NOMBRE DE PERSONA | |
| Nombre de persona | Palencia, Isabel de, |
| Fechas asociadas al nombre | 1878-1974 |
| 9 (RLIN) | 175865 |
| Término indicativo de función/relación | Autor |
| 245 10 - MENCIÓN DEL TÍTULO | |
| Título | Hambre de libertad : |
| Resto del título | memorias de una embajadora republicana / |
| Mención de responsabilidad, etc. | Isabel Oyarzábal ; prólogo, Aurora Luque ; edición y traducción, Andrés Arenas, Enrique Girón. |
| 250 ## - MENCION DE EDICION | |
| Mención de edición | 2ª ed.: Ediciones del Genal, 2020. |
| 260 ## - PUBLICACIÓN, DISTRIBUCIÓN, ETC. | |
| Lugar de publicación, distribución, etc. | Málaga : |
| Nombre del editor, distribuidor, etc. | Promotora Cultural Malagueña, |
| Fecha de publicación, distribución, etc. | 2020. |
| 300 ## - DESCRIPCIÓN FÍSICA | |
| Extensión | 543 páginas : |
| Otras características físicas | ilustraciones (blanco y negro) ; |
| Dimensiones | 22 cm. |
| 500 ## - NOTA GENERAL | |
| Nota general | Índice onomástico |
| 500 ## - NOTA GENERAL | |
| Nota general | Cronología |
| 500 ## - NOTA GENERAL | |
| Nota general | Apéndice documental |
| 600 14 - PUNTO DE ACCESO ADICIONAL DE MATERIA--NOMBRE DE PERSONA | |
| Nombre de persona | Palencia, Isabel de, |
| Fechas asociadas al nombre | 1878-1974 |
| 9 (RLIN) | 175865 |
| 700 1# - ENTRADA AGREGADA--NOMBRE PERSONAL | |
| Nombre de persona | Luque, Aurora, |
| Fechas asociadas al nombre | 1962- |
| Término indicativo de función/relación | Autor de introducción |
| 9 (RLIN) | 74810 |
| 700 1# - ENTRADA AGREGADA--NOMBRE PERSONAL | |
| Nombre de persona | Arenas Gómez, Andrés |
| Término indicativo de función/relación | Traductor |
| 9 (RLIN) | 176637 |
| 700 1# - ENTRADA AGREGADA--NOMBRE PERSONAL | |
| Nombre de persona | Girón Irueste, Enrique |
| 9 (RLIN) | 174772 |
| Término indicativo de función/relación | Traductor |
| 852 4# - LOCALIZACIÓN | |
| Ubicación | ES-MaACL |
| Sublocalización o colección | R.153389 |
| Ubicación en estantería | Depósito 1 |
| Signatura antigua | Olim: N-7991 |
| Donativo/Legado | Donación: Editorial |
| Número de control de estantería | A-14991 |
| itemnumber | 197954 |
| 942 ## - ELEMENTOS DE ENTRADA SECUNDARIOS (KOHA) | |
| Tipo de ítem Koha | Libro impreso |
| Suprimir en OPAC | No |
| Estatus retirado | Estado de pérdida | Fuente del sistema de clasificación o colocación | Estado de daño | No para préstamo | Biblioteca de origen | Biblioteca actual | Ubicación en estantería | Fecha de adquisición | Fuente de adquisición | Número de control de estantería | Total de préstamos | Signatura topográfica completa | Código de barras | Visto por última vez | Tipo de ítem Koha |
|---|---|---|---|---|---|---|---|---|---|---|---|---|---|---|---|
| Clasificación decimal universal | Biblioteca del Ateneo de Madrid | Biblioteca del Ateneo de Madrid | Depósito 1 | 04/07/2022 | Donación | Ateneísta | A-14991 | 1203041 | 23/02/2023 | Libro impreso |
